00703nam a22002057a 450000500170000001000150001702000260003203500130005803700130007108200130008410000200009724500810011726000380019827000540023630000210029049000180031194200270032999900190035695201220037520160912130130.0 aENG-115995 a9789381384381c165.00 aEN-99527 bDBAD/PUB a488.0071 aMathur, Archana aBecome proficient in speaking and writing Good English /cby Archana Mathur c2016aNew DelhibV & S Publishers aF-2/16, Ansari road, DaryaganjbNew Delhie110002 c24cm(pbk)a148p. aExc-el series cEN2ddch488.0071mMAT c103296d103296 001040708NFICaBNbBNd2016-09-12eDBAD/PUBg165.00l0o488.0071 MATpEN-99527r2016-09-12 00:00:00t1v165.00yEN